Agricultural Holdings (Scotland) Act 2003 (Commencement No 3, Transitional and Savings Provisions) Order 2003 (Record no. 103256)
[ view plain ]
| 000 -LEADER | |
|---|---|
| fixed length control field | 01322cam a2200217 4500 |
| 008 - FIXED-LENGTH DATA ELEMENTS--GENERAL INFORMATION | |
| fixed length control field | 031215n2003 000 0 eng u |
| 020 ## - INTERNATIONAL STANDARD BOOK NUMBER | |
| International Standard Book Number | 0110625293 |
| 035 ## - SYSTEM CONTROL NUMBER | |
| System control number | (Sirsi) u124621 |
| 041 ## - LANGUAGE CODE | |
| Language code of text/sound track or separate title | eng |
| 245 ## - TITLE STATEMENT | |
| Title | Agricultural Holdings (Scotland) Act 2003 (Commencement No 3, Transitional and Savings Provisions) Order 2003 |
| 260 ## - PUBLICATION, DISTRIBUTION, ETC. | |
| Place of publication, distribution, etc. | London |
| Name of publisher, distributor, etc. | HMSO |
| Date of publication, distribution, etc. | 2003 |
| 490 ## - SERIES STATEMENT | |
| Series statement | SSI/v2003:548 |
| 520 ## - SUMMARY, ETC. | |
| Summary, etc. | This Order brings the Agricultural Holdings (Scotland) Act 2003 into force with the exception of Part II and the provisions already in force under Parts VI and VIII. Covers issues such as compensation following compulsory purchase of tenanted land. Makes transitional and saving provision in relation to the amendments in the 2003 Act which affect agricultural holdings under the Agricultural Holdings (Scotland) Act 1991. Came into force on 27 November 2003. View at www.scotland-legislation.hmso.gov.uk. |
| 650 ## - SUBJECT ADDED ENTRY--TOPICAL TERM | |
| Topical term or geographic name entry element | AGRICULTURAL HOLDINGS (SCOTLAND) ACT 2003 |
| 650 ## - SUBJECT ADDED ENTRY--TOPICAL TERM | |
| Topical term or geographic name entry element | Compulsory purchase |
| 9 (RLIN) | 6228 |
| 650 ## - SUBJECT ADDED ENTRY--TOPICAL TERM | |
| Topical term or geographic name entry element | TENANTS' RIGHTS |
| 650 ## - SUBJECT ADDED ENTRY--TOPICAL TERM | |
| Topical term or geographic name entry element | AGRICULTURAL HOLDINGS (SCOTLAND) ACT 2003 (COMMENCEMENT NO 3, TRANSITIONAL AND SAVINGS PROVISIONS) ORDER 2003 |
| 690 ## - LOCAL SUBJECT ADDED ENTRY--TOPICAL TERM (OCLC, RLIN) | |
| Topical term or geographic name as entry element | PROPERTY |
| 856 ## - ELECTRONIC LOCATION AND ACCESS | |
| Uniform Resource Identifier | <a href="https://www.hmso.gov.uk/legislation/scotland/ssi2003/20030548.htm">https://www.hmso.gov.uk/legislation/scotland/ssi2003/20030548.htm</a> |
| Public note | View this SI on the HMSO website... |
| 942 ## - ADDED ENTRY ELEMENTS (KOHA) | |
| Suppress in OPAC | 0 |
| Withdrawn status | Lost status | Source of classification or shelving scheme | Damaged status | Not for loan | Home library | Current library | Shelving location | Date acquired | Total Checkouts | Full call number | Barcode | Date last seen | Copy number | Price effective from | Koha item type |
|---|---|---|---|---|---|---|---|---|---|---|---|---|---|---|---|
| Dewey Decimal Classification | Virtual | Virtual | Online | 15/12/2003 | ONLINE PUBLICATION | 124621-2001 | 06/08/2019 | 1 | 06/08/2019 | Book |